Deelgemeenten van Leuven (arrondissement) - Statistics

General Stats
  • This quiz has been taken 71 times
  • The average score is 32 of 134
Answers on the Map
Answers color-coded by a green-red scale on the quiz's map according to % correct below.
 
Answer Stats
Group Answer % Correct
Boortmeerbeek Hever
95%
Leuven Heverlee
91%
Leuven Leuven
91%
Tienen Tienen
82%
Leuven Kessel-Lo
77%
Lubbeek Lubbeek
77%
Leuven Wilsele
77%
Aarschot Aarschot
73%
Diest Diest
73%
Oud-Heverlee Oud-Heverlee
73%
Rotselaar Rotselaar
73%
Bierbeek Bierbeek
68%
Herent Herent
68%
Tielt-Winge Tielt
68%
Lubbeek Linden
64%
Hoegaarden Hoegaarden
59%
Holsbeek Holsbeek
59%
Landen Landen
59%
Herent Veltem-Beisem
59%
Leuven Wijgmaal
59%
Bertem Bertem
55%
Tervuren Tervuren
55%
Keerbergen Keerbergen
55%
Scherpenheuvel-Zichem Scherpenheuvel
55%
Herent Winksele
55%
Scherpenheuvel-Zichem Zichem
55%
Boutersem Boutersem
50%
Haacht Haacht
50%
Leuven | Oud-Heverlee Haasrode
50%
Kortenberg Kortenberg
50%
Begijnendijk Begijnendijk
45%
Bierbeek | Leuven Korbeek-Lo
45%
Lubbeek Pellenberg
45%
Tremelo Tremelo
45%
Kortenberg Erps-Kwerps
41%
Huldenberg Huldenberg
41%
Oud-Heverlee Sint-Joris-Weert
41%
Rotselaar Werchter
41%
Boortmeerbeek Boortmeerbeek
36%
Haacht Wespelaar
36%
Oud-Heverlee Blanden
32%
Bertem Leefdaal
32%
Bekkevoort Bekkevoort
27%
Geetbets Geetbets
27%
Haacht Tildonk
27%
Begijnendijk Betekom
23%
Kortenaken Kortenaken
23%
Holsbeek Nieuwrode
23%
Tielt-Winge Sint-Joris-Winge
23%
Rotselaar Wezemaal
23%
Zoutleeuw Zoutleeuw
23%
Bertem Korbeek-Dijle
18%
Holsbeek Kortrijk-Dutsel
18%
Aarschot Langdorp
18%
Linter Neerlinter
18%
Huldenberg Ottenburg
18%
Tremelo Baal
14%
Kortenberg Everberg
14%
Tielt-Winge Houwaart
14%
Diest Molenstede
14%
Tienen Oplinter
14%
Bierbeek Opvelp
14%
Aarschot Rillaar
14%
Diest Schaffen
14%
Tervuren Vossem
14%
Scherpenheuvel-Zichem Averbode
9%
Lubbeek Binkom
9%
Oud-Heverlee Vaalbeek
9%
Diest | Scherpenheuvel-Zichem Kaggevinne
9%
Bierbeek Lovenjoel
9%
Tielt-Winge Meensel-Kiezegem
9%
Kortenberg Meerbeek
9%
Scherpenheuvel-Zichem Messelbroek
9%
Huldenberg Neerijse
9%
Boutersem Neervelp
9%
Holsbeek Sint-Pieters-Rode
9%
Scherpenheuvel-Zichem Testelt
9%
Bekkevoort Assent
5%
Glabbeek Attenrode
5%
Zoutleeuw Budingen
5%
Glabbeek Bunsbeek
5%
Diest Deurne
5%
Zoutleeuw Dormaal
5%
Linter Drieslinter
5%
Landen Ezemaal
5%
Aarschot Gelrode
5%
Glabbeek Glabbeek-Zuurbemde
5%
Geetbets Grazen
5%
Zoutleeuw Halle-Booienhoven
5%
Zoutleeuw Helenbos
5%
Kortenaken Hoeleden
5%
Glabbeek Kapellen
5%
Kortenaken Kersbeek-Miskom
5%
Huldenberg Loonbeek
5%
Linter Melkwezer
5%
Bekkevoort Molenbeek-Wersbeek
5%
Linter Neerhespen
5%
Landen Neerlanden
5%
Landen Neerwinden
5%
Linter Orsmaal-Gussenhoven
5%
Hoegaarden Outgaarden
5%
Linter Overhespen
5%
Kortenaken Ransberg
5%
Geetbets Rummen
5%
Boutersem Vertrijk
5%
Kortenaken Waanrode
5%
Diest Webbekom
5%
Boutersem Willebringen
5%
Linter Wommersom
5%
Landen Attenhoven
0%
Tienen Bost
0%
Tervuren Duisburg
0%
Landen Eliksem
0%
Tienen Goetsenhoven
0%
Tienen Hakendover
0%
Boutersem Kerkom
0%
Tienen Kumtich
0%
Landen Laar
0%
Hoegaarden Meldert
0%
Tienen Oorbeek
0%
Landen Overwinden
0%
Boutersem Roosbeek
0%
Landen Rumsdorp
0%
Huldenberg Sint-Agatha-Rode
0%
Tienen Sint-Margriete-Houtem
0%
Tienen Vissenaken
0%
Landen Waasmont
0%
Landen Walsbets
0%
Landen Walshoutem
0%
Landen Wange
0%
Landen Wezeren
0%
No matching quizzes found
Score Distribution
Percent of People with Each Score
Percentile by Number Answered
Your Score History
You have not taken this quiz